000 00476nam a2200169Ia 4500
005 20250424120337.0
008 250424s9999 xx 000 0 und d
022 _a10977155
050 _aTS 270.A1 .W57/
245 0 _aWire & cable technology international
260 _aIndia
260 _bREELEX Packaging solutions Inc.
260 _c2016
300 _a175 p. :ill. ; 27 cm.
650 _aWire--Periodicals. Wire industry--United States--Periodicals.
942 _cSR
999 _c38778
_d38778